| 000 | 00395nam a2200145Ia 4500 | ||
|---|---|---|---|
| 008 | 231129s1996||||xx |||||||||||||| ||spa|| | ||
| 020 | _a958-96069 | ||
| 040 | _bspa | ||
| 082 | _aCo861 F634c | ||
| 100 | _aFlores Prieto Tallulah | ||
| 245 | 0 | _aCinematografica (poemas) | |
| 260 | _c1996 | ||
| 264 | _aInstituto Distrital de Cultura | ||
| 942 |
_2ddc _cBKS |
||
| 999 |
_c7004 _d7004 |
||